MARC

LEADER 00000nam0a2200000 4500
001 303210
005 20231102001600.0
020 |a RU  |b 83-34015 
035 |a (RuTPU)RU\TPU\book\328431 
090 |a 303210 
100 |a 20150901d1983 km y0rusy5003 ca 
101 0 |a rus 
102 |a RU 
105 |a a z 001zy 
200 1 |a Графоаналитический метод проектирования вертикальной планировки  |f Н. А. Корнеев 
205 |a 2-е изд., перераб. и доп. 
210 |a Москва  |c Стройиздат  |d 1983 
215 |a 131 с.  |c ил. 
320 |a Библиогр.: с. 127 
606 1 |a Планировка населенных мест  |2 stltpush  |3 (RuTPU)RU\TPU\subj\49021  |9 67832 
610 1 |a графоаналитический метод 
610 1 |a вертикальная планировка 
610 1 |a земляные массы 
610 1 |a уравновешивание 
610 1 |a грунты 
610 1 |a подсыпка 
610 1 |a расчеты 
610 1 |a высота 
610 1 |a привязка 
610 1 |a фундаменты 
610 1 |a вспомогательные таблицы 
610 1 |a проекты 
610 1 |a составление 
675 |a 711.4  |z rus  |v 3 
700 1 |a Корнеев  |b Н. А.  |g Николай Алексеевич  |4 070 
801 0 |a RU  |b RuMRKP  |c 19950704  |g psbo 
801 1 |a RU  |b 63413507  |c 20150901 
801 2 |a RU  |b 63413507  |c 20190625  |g RCR 
942 |c BK